000 00459nam a2200157 a 4500
999 _c4128
_d4128
020 _a1410204170 (paperback)
020 _a9781410204172 (paperback)
082 _a631.4DEP
100 1 _aDepartment of Agriculture, U S.
245 1 0 _aSoil Survey Manual /
260 _a[S.l.] :
_bUniversity Press of the Pacific,
_c2002.
300 _a532 p. ;
650 _aSoil
856 4 0 _uhttp://www.amazon.com/exec/obidos/ASIN/1410204170/chopaconline-20
942 _cBK